00310nam a2200109Ia 4500008004000000082001500040100002400055245003500079260004200114300000800156650003600164210210b1969 xxu||||| |||| 00| 0 eng d a332.1 NARB aNARENDRA KUMAR, Ed. aBank nationalization in India. aDelhibLalvani Publishing Housec1969 a272 aNationalization of Indian banks